الخطر الإسلامي بين الوهم و الواقع / (رقم التسجيلة. 97355)

تفاصيل مارك
000 -الفاتح
عناصر البيانات ثابتة الطول 00715cam a2200205 i 4500
005 - تاريخ ووقت آخر معاملة
حقل ضبط 20251228102917.0
008 - عناصر البيانات ثابتة الطول
عناصر البيانات ثابتة الطول 250721s2002 sy gr 000 0 ara d
082 14 - رقم تصنيف ديوي العشري
رقم التصنيف 218.61
رقم المادة ا س ب
100 1# - مدخل رئيسي – اسم شخصي
الاسم الشخصي إسبيزيتو، جون
علاقة الشخص بالعمل/ دوره مؤلف,
245 10 - بيان العنوان
العنوان الخطر الإسلامي بين الوهم و الواقع /
250 ## - بيان الطبعة
بيان الطبعة الطبعه الاولى.
264 13 - بيانات النشر، التوزيع…إلخ
مكان النشر، التوزيع...إلخ اللاذقية :
اسم الناشر، الموزع...إلخ دار الحوار للنشر و التوزيع،
تاريخ النشر، التوزيع...إلخ 2002.
300 ## - الوصف المادي
عدد الوحدات المكونة للوعاء 331صفحه.
650 17 - مدخل إضافي بالموضوع - مصطلح موضوعي
مصطلح موضوعي أو اسم جغرافي كعنصر مدخل دفع المطاعن عن الإسلام.
650 17 - مدخل إضافي بالموضوع - مصطلح موضوعي
مصطلح موضوعي أو اسم جغرافي كعنصر مدخل الصحوة الإسلامية.
650 17 - مدخل إضافي بالموضوع - مصطلح موضوعي
مصطلح موضوعي أو اسم جغرافي كعنصر مدخل الغرب.
700 1# - مدخل إضافي - اسم شخصي
الاسم الشخصي فرحات، هيثم.
علاقة الشخص بالعمل/ دوره tran.
942 ## - بيانات إضافية (كوها)
نوع التنصيف Dewey Decimal Classification
نوع المادة (كوها) كتب
المقتنيات
حالة السحب حالة الفقدان مصدر التصنيف حالة التلف غير قابل للإعارة المكتبة الرئيسية المكتبة الحالية موقع الرف تاريخ التزويد الرقم المتسلسل Total Checkouts رقم الإستدعاء الباركود تاريخ آخر ظهور تاريخ الفاتورة نوع المادة (كوها)
    Dewey Decimal Classification     المكتبة المركزية المكتبة المركزية الإعارة 28/07/2025 896292   218.61 / إ س ب 896292 28/07/2025 28/07/2025 كتب
Implemented & Customized by: BBB with SCIT (Smart Chains for Information Technology)

Powered by Koha